000 01034cam a22003137a 4500
003 CHAP
005 20220329142712.0
008 021118d2001 mx bd r 00110 spa d
010 _a86639
011 _a87611
020 _a9688175021
035 _a98155
040 _cCHAP
082 0 4 _a631.7
_bC79
110 1 _aComisión Nacional del Agua. México
_925810
245 1 0 _aPrograma nacional hidráulico 2001-2006
_c/por Comisión Nacional del Agua
260 _aMéxico, D.F. :
_bComisión Nacional del Agua,
_c2001
300 _a128 p. :
_bgráfs. ; mapas ; cadros ; diagramas
590 _aBATCH-UPD
_b10
_c20130110
_lUCH01
_h1249
590 _aBATCH-UPD
_b10
_c20130410
_lUCH01
_h0812
590 _aBATCH-UPD
_b10
_c20130914
_lUCH01
_h1932
590 _aCONVERSION
_b10
_c20130109
_lUCH01
_h1348
650 1 4 _aAgua
_xAbastecimiento
_xMexico.
_92249
650 1 4 _aPolítica hidráulica.
_990652
901 _aBK
905 _aMarco A. Mendoza T.
942 _cLIBRO
949 _a631.7 C79
_bBC
_cC
_d33724000880431
_eC
_h103285
_i98155
_sb
999 _c86639
_d86639